[Event "XXVII Torneo B di Capodanno"]
[Site "Reggio nell'Emilia ITA"]
[Date "1985.01.03"]
[Round "8"]
[White "Cramling, Dan"]
[Black "Domont, Alexandre"]
[Result "1/2-1/2"]
[WhiteElo "2380"]
[BlackElo "2280"]
[PlyCount "56"]
[EventDate "1984.12.27"]

1. c4 c6 2. e4 d5 3. exd5 cxd5 4. d4 Nf6 5. Nc3 g6 6. cxd5 Nxd5 7. Bc4 Nb6 8.
Bb3 Bg7 9. Nf3 O-O 10. O-O Nc6 11. Re1 Nxd4 12. Nxd4 Qxd4 13. Qxd4 Bxd4 14.
Rxe7 Bf6 15. Rc7 Be5 16. Rc5 Bd6 17. Ra5 Bb4 18. Rb5 Bxc3 19. bxc3 Bd7 20. Ra5
Bc6 21. Be3 Nd7 22. Rd1 b6 23. Rg5 Rac8 24. Bd4 Rfe8 25. f4 Be4 26. Re1 Nc5 27.
Bxc5 bxc5 28. Bc4 Kf8 1/2-1/2

[Event "XXVII Torneo B di Capodanno"]
[Site "Reggio nell'Emilia ITA"]
[Date "1985.01.03"]
[Round "8"]
[White "Johansen, Darryl Keith"]
[Black "Bukal, Vladimir sr"]
[Result "1/2-1/2"]
[WhiteElo "2440"]
[BlackElo "2445"]
[PlyCount "22"]
[EventDate "1984.12.27"]

1. Nf3 Nf6 2. d4 c5 3. d5 b5 4. Bg5 Qb6 5. Bxf6 Qxf6 6. c3 b4 7. e4 g5 8. Bb5
Bg7 9. e5 Qb6 10. Qe2 a6 11. Ba4 Qh6 1/2-1/2

[Event "XXVII Torneo B di Capodanno"]
[Site "Reggio nell'Emilia ITA"]
[Date "1985.01.03"]
[Round "8"]
[White "Messa, Roberto"]
[Black "Rivello, Roberto"]
[Result "1-0"]
[WhiteElo "2255"]
[BlackElo "2345"]
[PlyCount "63"]
[EventDate "1984.12.27"]

1. e4 c5 2. Nf3 d6 3. d4 cxd4 4. Qxd4 Bd7 5. c4 Nc6 6. Qd1 g6 7. Be2 Bg7 8. O-O
Nf6 9. Nc3 O-O 10. h3 a6 11. Be3 Rb8 12. Nd2 Ne8 13. Nb3 f5 14. exf5 Bxf5 15.
Qd2 Nf6 16. Rad1 b6 17. g4 Be6 18. Nd4 Bd7 19. f4 Nxd4 20. Bxd4 Bc6 21. f5 gxf5
22. Rxf5 e6 23. Rf2 Ne8 24. Rxf8+ Kxf8 25. Qf4+ Kg8 26. Bxg7 Kxg7 27. g5 Qe7
28. Rf1 Nc7 29. Bd3 e5 30. Qh4 Kg8 31. Be4 d5 32. cxd5 1-0

[Event "XXVII Torneo B di Capodanno"]
[Site "Reggio nell'Emilia ITA"]
[Date "1985.01.03"]
[Round "8"]
[White "Wagman, Stuart"]
[Black "Passerotti, Pierluigi"]
[Result "0-1"]
[WhiteElo "2220"]
[BlackElo "2270"]
[PlyCount "54"]
[EventDate "1984.12.27"]

1. e4 c5 2. Nf3 Nc6 3. d4 cxd4 4. Nxd4 g6 5. Be2 Bg7 6. Nb3 Nf6 7. Nc3 O-O 8.
O-O d6 9. Bg5 Be6 10. f4 b5 11. Bf3 Rc8 12. Nd5 Bxd5 13. exd5 Na5 14. Nxa5 Qxa5
15. Re1 b4 16. a3 bxa3 17. Rxa3 Qb6+ 18. Kh1 Qxb2 19. Rxa7 Rxc2 20. Raxe7 Rd2
21. Qa4 Nxd5 22. Re8 Rd4 23. Qc6 Qd2 24. Bxd5 Rxd5 25. f5 Qa5 26. f6 Rxg5 27.
Qxd6 Bh6 0-1

[Event "XXVII Torneo B di Capodanno"]
[Site "Reggio nell'Emilia ITA"]
[Date "1985.01.04"]
[Round "9"]
[White "Bukal, Vladimir sr"]
[Black "Wagman, Stuart"]
[Result "1-0"]
[WhiteElo "2445"]
[BlackElo "2220"]
[PlyCount "93"]
[EventDate "1984.12.27"]

1. c4 e6 2. Nf3 Nf6 3. e3 d5 4. Nc3 c5 5. d4 Nc6 6. a3 a6 7. b3 Be7 8. Bb2 O-O
9. Bd3 b6 10. O-O Bb7 11. Qc2 cxd4 12. exd4 Qc7 13. Rac1 Rfc8 14. Qe2 Re8 15.
Rfd1 Bd6 16. Qc2 Rac8 17. cxd5 exd5 18. Bf5 Rcd8 19. g3 g6 20. Bh3 Bf8 21. Qd3
Qb8 22. Na4 Qa7 23. b4 Ne4 24. Ne5 Nb8 25. Rc7 Bd6 26. Rc2 Bc8 27. Bxc8 Rxc8
28. Rdc1 Rxc2 29. Qxc2 b5 30. Nc6 Qb7 31. Na5 Qd7 32. Nc5 Qf5 33. Re1 Rc8 34.
Qe2 Re8 35. Nab7 Bc7 36. Qc2 Nf6 37. Rxe8+ Nxe8 38. Nd3 Bb6 39. Nbc5 Nd6 40.
Qe2 Kg7 41. Bc1 Nc4 42. Bf4 Nc6 43. Qe8 Nxd4 44. Nd7 Ne2+ 45. Kf1 h5 46. Kxe2
Qe4+ 47. Qxe4 1-0

[Event "XXVII Torneo B di Capodanno"]
[Site "Reggio nell'Emilia ITA"]
[Date "1985.01.04"]
[Round "9"]
[White "Domont, Alexandre"]
[Black "Johansen, Darryl Keith"]
[Result "1/2-1/2"]
[WhiteElo "2280"]
[BlackElo "2440"]
[PlyCount "59"]
[EventDate "1984.12.27"]

1. e4 c5 2. Nf3 e6 3. d4 cxd4 4. Nxd4 Nc6 5. Nc3 a6 6. Be3 Nge7 7. Be2 b5 8.
O-O Nxd4 9. Qxd4 Nc6 10. Qd2 Qc7 11. Bf4 Ne5 12. Rfd1 f6 13. a4 b4 14. Na2 Rb8
15. Nc1 Be7 16. Nd3 O-O 17. a5 Kh8 18. f3 Bb7 19. Kh1 Bc6 20. c4 Rfc8 21. Bg3
Rd8 22. b3 d5 23. cxd5 exd5 24. Qb2 dxe4 25. Nxe5 fxe5 26. Qxe5 Qxe5 27. Bxe5
exf3 28. gxf3 Rxd1+ 29. Rxd1 Rd8 30. Rc1 1/2-1/2

[Event "XXVII Torneo B di Capodanno"]
[Site "Reggio nell'Emilia ITA"]
[Date "1985.01.04"]
[Round "9"]
[White "Rivello, Roberto"]
[Black "Cramling, Dan"]
[Result "0-1"]
[WhiteElo "2345"]
[BlackElo "2380"]
[PlyCount "102"]
[EventDate "1984.12.27"]

1. e4 c5 2. Nf3 d6 3. d4 cxd4 4. Nxd4 Nf6 5. Nc3 e6 6. f4 a6 7. Bd3 Nbd7 8. Qf3
e5 9. Nde2 b5 10. O-O Bb7 11. a4 b4 12. Nd5 Nxd5 13. exd5 Be7 14. c3 Bf6 15.
Kh1 bxc3 16. Nxc3 O-O 17. Qh3 g6 18. f5 Bg7 19. Ne4 Bxd5 20. Bg5 f6 21. fxg6
hxg6 22. Bh6 Qe7 23. Nc3 Be6 24. Qh4 Qf7 25. Ne4 Bxh6 26. Qxh6 Qg7 27. Qxg7+
Kxg7 28. Nxd6 Nc5 29. Bc4 Rfd8 30. Bxe6 Rxd6 31. Bc4 Rb8 32. Rf2 Rb4 33. b3
Nxb3 34. Bxb3 Rxb3 35. g3 Rbd3 36. Raa2 a5 37. Kg2 f5 38. Rfe2 Kf6 39. Rf2 e4
40. h4 Ke5 41. Rfb2 R6d5 42. Rc2 Rd1 43. Kf2 f4 44. gxf4+ Kxf4 45. Rc6 R1d2+
46. Rxd2 Rxd2+ 47. Ke1 Rg2 48. Rc5 Kf3 49. Rc6 Rg1+ 50. Kd2 e3+ 51. Kd3 Rd1+
0-1

[Event "XXVII Torneo B di Capodanno"]
[Site "Reggio nell'Emilia ITA"]
[Date "1985.01.04"]
[Round "9"]
[White "Sibilio, Mario"]
[Black "Messa, Roberto"]
[Result "1/2-1/2"]
[WhiteElo "2290"]
[BlackElo "2255"]
[PlyCount "53"]
[EventDate "1984.12.27"]

1. e4 e6 2. Qe2 c5 3. f4 Be7 4. Nf3 d5 5. d3 Nf6 6. e5 Nfd7 7. g3 Nc6 8. Bh3
Qc7 9. O-O Nf8 10. c4 dxc4 11. dxc4 Bd7 12. Be3 f5 13. Nc3 a6 14. Rfd1 Ng6 15.
Nd5 exd5 16. cxd5 Ncxe5 17. fxe5 Nxe5 18. d6 Nxf3+ 19. Qxf3 Bxd6 20. Bg5 h6 21.
Re1+ Kf8 22. Bxf5 Bxf5 23. Qxf5+ Kg8 24. Qd5+ Kh7 25. Qe4+ Kg8 26. Qd5+ Kh7 27.
Qe4+ 1/2-1/2

[Event "XXVII Torneo B di Capodanno"]
[Site "Reggio nell'Emilia ITA"]
[Date "1985.01.05"]
[Round "10"]
[White "Johansen, Darryl Keith"]
[Black "Rivello, Roberto"]
[Result "1/2-1/2"]
[WhiteElo "2440"]
[BlackElo "2345"]
[PlyCount "93"]
[EventDate "1984.12.27"]

1. d4 Nf6 2. Nf3 g6 3. Bf4 Bg7 4. e3 d6 5. Be2 O-O 6. h3 Nbd7 7. O-O b6 8. a4
a5 9. Na3 Bb7 10. Bh2 Ne8 11. Nc4 e6 12. c3 Qe7 13. Qb3 Kh8 14. Qa3 g5 15. b4
f5 16. bxa5 bxa5 17. Rab1 Bc6 18. Nfe5 Nxe5 19. Nxe5 Be4 20. Bd3 Bxd3 21. Nxd3
Qd7 22. Rb7 Nf6 23. c4 Qc6 24. Qb3 Rfc8 25. f3 Qe8 26. Kh1 g4 27. fxg4 fxg4 28.
Nf2 gxh3 29. Nxh3 Rcb8 30. Rb5 Ng4 31. Bg3 c6 32. Rxb8 Rxb8 33. Qd3 e5 34. dxe5
dxe5 35. Be1 e4 36. Qe2 h5 37. Nf4 Rb3 38. Bxa5 Rxe3 39. Qc2 Kg8 40. c5 Qe7 41.
Qc4+ Kh7 42. Nh3 Qe5 43. Bc7 Qxc7 44. Ng5+ Kh6 45. Nf7+ Kh7 46. Ng5+ Kh6 47.
Nf7+ 1/2-1/2

[Event "XXVII Torneo B di Capodanno"]
[Site "Reggio nell'Emilia ITA"]
[Date "1985.01.05"]
[Round "10"]
[White "Messa, Roberto"]
[Black "Cramling, Dan"]
[Result "0-1"]
[WhiteElo "2255"]
[BlackElo "2380"]
[PlyCount "112"]
[EventDate "1984.12.27"]

1. e4 Nf6 2. e5 Nd5 3. d4 d6 4. Bc4 Nb6 5. Bb3 dxe5 6. Qh5 e6 7. dxe5 a5 8. a4
Na6 9. Nf3 Nc5 10. Ng5 Qe7 11. Nxh7 Nxb3 12. cxb3 g6 13. Qh3 Bg7 14. Nf6+ Bxf6
15. exf6 Rxh3 16. fxe7 Rxb3 17. Nd2 Rb4 18. b3 Nd5 19. Ba3 Rh4 20. g3 Rh5 21.
Rc1 b6 22. O-O Bb7 23. Rfd1 c5 24. Nc4 Kxe7 25. Nxb6 Nxb6 26. Rxc5 Ke8 27. Rc7
Bd5 28. Re7+ Kd8 29. Rxf7 Rc8 30. Ra7 Rc3 31. Rxa5 Rxb3 32. Bc5 Nc4 33. Ra7 Ne5
34. h4 g5 35. Be7+ Ke8 36. Bf6 gxh4 37. Bxe5 Rxe5 38. Rc1 Rc3 39. Rb1 Rc8 40.
gxh4 Re4 41. h5 Rh4 42. f3 Bxf3 43. Kf2 Bd5 44. Rg1 Rc2+ 45. Kg3 Rxh5 46. Kg4
Rh8 47. Kf4 Rf8+ 48. Ke5 Rf5+ 49. Kd4 Rc4+ 50. Kd3 Rf3+ 51. Ke2 Re4+ 52. Kd2
Rf2+ 53. Kd3 Rf3+ 54. Kd2 Rd4+ 55. Kc2 Rc4+ 56. Kd2 Rcf4 0-1

[Event "XXVII Torneo B di Capodanno"]
[Site "Reggio nell'Emilia ITA"]
[Date "1985.01.05"]
[Round "10"]
[White "Sibilio, Mario"]
[Black "Beil, Zdenek"]
[Result "0-1"]
[WhiteElo "2290"]
[BlackElo "2345"]
[PlyCount "116"]
[EventDate "1984.12.27"]

1. b3 e5 2. Bb2 Nc6 3. e3 d5 4. Bb5 Bd6 5. c4 Nge7 6. cxd5 Nxd5 7. Ne2 Bd7 8.
Nbc3 Nb6 9. d4 O-O 10. O-O a6 11. Bxc6 Bxc6 12. d5 Be8 13. Ne4 Be7 14. Bxe5
Nxd5 15. N2c3 Nxc3 16. Nxc3 f6 17. Bg3 c6 18. Qc2 Bg6 19. Qb2 Qd7 20. Rfd1 Qe6
21. Ne2 Bf7 22. Nf4 Qf5 23. e4 Qb5 24. Ne2 Rfd8 25. Bc7 Rxd1+ 26. Rxd1 Re8 27.
Ng3 Bf8 28. Qc2 c5 29. Bd6 Bxd6 30. Rxd6 c4 31. bxc4 Qxc4 32. Qxc4 Bxc4 33. Rd2
g6 34. f3 Kf7 35. Kf2 b5 36. Ke3 b4 37. Rc2 Be6 38. Ne2 Ke7 39. Nd4 Kd7 40. Rc6
Bxa2 41. Rxa6 b3 42. Rb6 Kc7 43. Rb4 Rb8 44. Ne6+ Kc8 45. Rc4+ Kd7 46. Nc5+ Ke7
47. Nd3 b2 48. Nxb2 Rxb2 49. Rc7+ Ke6 50. Rxh7 Rxg2 51. f4 Bb1 52. h4 Rb2 53.
Rh6 Rb3+ 54. Kd4 Rb4+ 55. Kc3 Rxe4 56. Rxg6 Rxf4 57. Rh6 Rf1 58. Kd4 Kf5 0-1

[Event "XXVII Torneo B di Capodanno"]
[Site "Reggio nell'Emilia ITA"]
[Date "1985.01.05"]
[Round "10"]
[White "Wagman, Stuart"]
[Black "Domont, Alexandre"]
[Result "1/2-1/2"]
[WhiteElo "2220"]
[BlackElo "2280"]
[PlyCount "100"]
[EventDate "1984.12.27"]

1. e4 c5 2. Nf3 Nc6 3. d4 cxd4 4. Nxd4 Nf6 5. Nc3 e5 6. Ndb5 d6 7. Bg5 a6 8.
Na3 b5 9. Nd5 Be7 10. Bxf6 Bxf6 11. c3 Ne7 12. Nxf6+ gxf6 13. g3 f5 14. Bg2
fxe4 15. Qh5 Bf5 16. Nc2 Qd7 17. Ne3 Bg6 18. Qh6 f5 19. h4 Qe6 20. Bh3 Bf7 21.
Qg7 Rg8 22. Qxh7 Bg6 23. Qh6 Qf6 24. h5 Rh8 25. Nd5 Rxh6 26. Nxf6+ Kf7 27. Nxe4
Bxh5 28. Ng5+ Kf6 29. f4 exf4 30. gxf4 Nd5 31. Bf1 Nxf4 32. Nf3 Rah8 33. Nd4
Be8 34. Rxh6+ Rxh6 35. Kf2 Ne6 36. Nf3 Bc6 37. Rd1 Bxf3 38. Kxf3 Ng5+ 39. Kf4
Rh4+ 40. Ke3 Re4+ 41. Kf2 Rf4+ 42. Ke3 Re4+ 43. Kf2 Ke5 44. Bg2 Rf4+ 45. Ke3
Rg4 46. Bb7 Ne4 47. Rd5+ Ke6 48. Rxf5 Kxf5 49. Bc8+ Ke5 50. Bxg4 d5 1/2-1/2

[Event "XXVII Torneo B di Capodanno"]
[Site "Reggio nell'Emilia ITA"]
[Date "1985.01.07"]
[Round "11"]
[White "Beil, Zdenek"]
[Black "Messa, Roberto"]
[Result "1-0"]
[WhiteElo "2345"]
[BlackElo "2255"]
[PlyCount "125"]
[EventDate "1984.12.27"]

1. d4 d5 2. c4 e6 3. Nf3 c5 4. cxd5 exd5 5. g3 Nc6 6. Bg2 Nf6 7. O-O Be7 8. Nc3
O-O 9. Bg5 cxd4 10. Nxd4 Re8 11. Qa4 Bd7 12. Rad1 h6 13. Bf4 Nb4 14. Qb3 a5 15.
Rd2 a4 16. Qd1 Qa5 17. Nc2 Bc6 18. Ne3 a3 19. bxa3 Qxa3 20. Nb1 Qa6 21. a3 d4
22. Rxd4 Bxg2 23. Kxg2 Nc6 24. Rd3 Ne4 25. Nd5 Bd8 26. Qc2 Rc8 27. Nd2 Ne7 28.
Nxe7+ Bxe7 29. Qb2 Bf6 30. Qb4 Nc3 31. Rd6 Rc6 32. Rd7 Nxe2 33. Be3 Rc2 34.
Qxb7 Qxb7+ 35. Rxb7 Nc3 36. Kf3 Nd5 37. Ne4 Bb2 38. a4 Nxe3 39. fxe3 Rxh2 40.
a5 Re5 41. Nf2 Rxa5 42. Rxb2 Rf5+ 43. Ke2 Rg2 44. e4 Rf6 45. Rb3 h5 46. Rf3 Re6
47. Ke3 g6 48. Nd3 f5 49. e5 Ra2 50. Rf4 Ra3 51. Kd4 Kf7 52. Rc1 Re7 53. Nc5
Rxg3 54. e6+ Kg7 55. Ke5 Rg2 56. Rb4 Rd2 57. Re1 Re8 58. Rb7+ Kh6 59. Kf6 f4
60. Rg1 Rg8 61. Ne4 Rd5 62. e7 Rd3 63. Rb8 1-0

[Event "XXVII Torneo B di Capodanno"]
[Site "Reggio nell'Emilia ITA"]
[Date "1985.01.07"]
[Round "11"]
[White "Cramling, Dan"]
[Black "Johansen, Darryl Keith"]
[Result "1-0"]
[WhiteElo "2380"]
[BlackElo "2440"]
[PlyCount "99"]
[EventDate "1984.12.27"]

1. c4 f5 2. d4 Nf6 3. g3 g6 4. Bg2 Bg7 5. Nc3 O-O 6. Nf3 d6 7. O-O c6 8. d5 Bd7
9. Be3 Na6 10. Qd2 Nc7 11. Bh6 Ne4 12. Nxe4 fxe4 13. Nh4 Bxh6 14. Qxh6 cxd5 15.
cxd5 Bf5 16. Rad1 Qd7 17. Qg5 Rf7 18. Rd2 Ne8 19. Nxf5 Qxf5 20. Qh4 e3 21. fxe3
Qe5 22. Rxf7 Kxf7 23. Qf4+ Qf6 24. Bh3 Kg7 25. Rc2 g5 26. Qd4 b6 27. Rc1 Qe5
28. Be6 h6 29. Kg2 Rb8 30. h4 a5 31. hxg5 hxg5 32. Qxe5+ dxe5 33. Kf3 Nf6 34.
Rc7 e4+ 35. Kf2 Rd8 36. Rxe7+ Kg6 37. g4 Nxd5 38. Bxd5 Rxd5 39. Re6+ Kf7 40.
Rxb6 Ke7 41. a4 Rc5 42. b4 axb4 43. Rxb4 Re5 44. Ke1 Kf6 45. Rb6+ Kf7 46. Rb5
Re6 47. Rxg5 Ra6 48. a5 Kf6 49. Rf5+ Ke6 50. Kf2 1-0

[Event "XXVII Torneo B di Capodanno"]
[Site "Reggio nell'Emilia ITA"]
[Date "1985.01.07"]
[Round "11"]
[White "Passerotti, Pierluigi"]
[Black "Sibilio, Mario"]
[Result "1/2-1/2"]
[WhiteElo "2270"]
[BlackElo "2290"]
[PlyCount "28"]
[EventDate "1984.12.27"]

1. e4 c5 2. d4 cxd4 3. Nf3 b6 4. Nxd4 Bb7 5. Bd3 e6 6. O-O Nc6 7. Nxc6 Bxc6 8.
Qe2 Nf6 9. Bf4 Be7 10. Nd2 d6 11. Rad1 e5 12. Bb5 Bxb5 13. Qxb5+ Qd7 14. Qxd7+
Kxd7 1/2-1/2

[Event "XXVII Torneo B di Capodanno"]
[Site "Reggio nell'Emilia ITA"]
[Date "1985.01.07"]
[Round "11"]
[White "Rivello, Roberto"]
[Black "Wagman, Stuart"]
[Result "1/2-1/2"]
[WhiteElo "2345"]
[BlackElo "2220"]
[PlyCount "26"]
[EventDate "1984.12.27"]

1. e4 e5 2. Nf3 Nc6 3. Bb5 a6 4. Ba4 Nf6 5. O-O Be7 6. Re1 b5 7. Bb3 d6 8. c3
O-O 9. h3 Nb8 10. d4 Nbd7 11. Nbd2 Bb7 12. Bc2 Re8 13. b4 Bf8 1/2-1/2